[Event "DEM U14 2004"]
[Site "Willingen GER"]
[Date "2004.05.30"]
[Round "1"]
[White "Lange, Jan-David"]
[Black "Schneider, David"]
[Result "1/2-1/2"]
[Termination "normal"]
[Board "6"]
[WhiteElo "1794"]
[BlackElo "2080"]
[PlyCount "111"]
[WhiteFideId "24614963"]
[BlackFideId "4697111"]
[EventCountry "GER"]
[EventRounds "9"]
[EventType "swiss"]
[EventDate "2004.05.29"]

1. e4 g6 2. d4 Bg7 3. Nc3 d6 4. Be3 Nd7 5. Qd2 e5 6. dxe5 Nxe5 7. f4 Nc6 8.
O-O-O Nf6 9. h3 Be6 10. g4 h6 11. Nf3 Qe7 12. Bb5 a6 13. Bd3 O-O-O 14. Qe2 Nb4
15. Kb1 Nxd3 16. cxd3 Kb8 17. Rc1 Rc8 18. Qc2 d5 19. e5 Nd7 20. d4 f5 21. Rhg1
Nb6 22. Nd2 Rhe8 23. g5 h5 24. h4 Rcd8 25. Na4 Nxa4 26. Qxa4 Bf8 27. Rc3 Qb4
28. Qc2 Bd7 29. Rc1 Qb6 30. Qb3 Qxb3 31. Nxb3 Bb4 32. R3c2 Bb5 33. Ka1 Bd3 34.
Rf2 Bc4 35. Bd2 Be7 36. Be3 b6 37. Nd2 Bb5 38. Nb3 Kb7 39. Rfc2 a5 40. Nd2 Bb4
41. a3 Be7 42. Ka2 a4 43. Rc3 c6 44. Bf2 Bf8 45. Kb1 Ra8 46. Re3 Rac8 47. Nf3
Re6 48. Be1 c5 49. Rec3 Be7 50. Ng1 Ba6 51. Bf2 c4 52. Be1 b5 53. Re3 Kc7 54.
Bb4 Bxb4 55. axb4 Bb7 56. Ra3 1/2-1/2

[Event "DEM U14 2004"]
[Site "Willingen GER"]
[Date "2004.05.30"]
[Round "1"]
[White "Paul, Johannes"]
[Black "Alsheimer, Christoph"]
[Result "0-1"]
[Termination "normal"]
[Board "8"]
[WhiteElo "1713"]
[BlackElo "2057"]
[PlyCount "74"]
[WhiteFideId "24622087"]
[BlackFideId "24605433"]
[EventCountry "GER"]
[EventRounds "9"]
[EventType "swiss"]
[EventDate "2004.05.29"]

1. c4 e6 2. g3 d5 3. Bg2 c6 4. d4 f5 5. Nh3 Nf6 6. O-O Bd6 7. b3 O-O 8. Bb2 Qe7
9. Nd2 b6 10. Rc1 Bb7 11. Nf4 Nbd7 12. Nd3 Ne4 13. Nf3 Rac8 14. Nfe5 Nxe5 15.
Nxe5 Bxe5 16. dxe5 Rfd8 17. Qc2 c5 18. Rcd1 dxc4 19. bxc4 Rxd1 20. Rxd1 Rd8 21.
Rxd8+ Qxd8 22. Qd3 Qe7 23. Bc1 h6 24. f3 Ng5 25. Bxg5 hxg5 26. Qd6 Kf7 27. f4
Qxd6 28. exd6 Bxg2 29. Kxg2 gxf4 30. gxf4 Ke8 31. Kf3 Kd7 32. e4 Kxd6 33. a4 a6
34. exf5 exf5 35. Ke3 Kc6 36. a5 b5 37. Kd3 b4 0-1

[Event "DEM U14 2004"]
[Site "Willingen GER"]
[Date "2004.05.30"]
[Round "1"]
[White "Müller, Reinhold"]
[Black "Wall, Henrik"]
[Result "1-0"]
[Termination "normal"]
[Board "9"]
[WhiteElo "2035"]
[BlackElo "1712"]
[PlyCount "85"]
[WhiteFideId "24605875"]
[BlackFideId "24614033"]
[EventCountry "GER"]
[EventRounds "9"]
[EventType "swiss"]
[EventDate "2004.05.29"]

1. d4 Nf6 2. c4 e6 3. Nc3 c5 4. d5 exd5 5. cxd5 d6 6. Nf3 g6 7. e4 Bg7 8. h3
O-O 9. Bd3 Re8 10. O-O a6 11. a4 Nbd7 12. Bf4 Ne5 13. Bxe5 dxe5 14. Nd2 Nd7 15.
a5 b5 16. axb6 Nxb6 17. Qe2 a5 18. Na4 Bf8 19. Bb5 Nxa4 20. Rxa4 Re7 21. Rfa1
Rea7 22. Nc4 Bd6 23. Bc6 Bb7 24. Bxb7 Rxb7 25. Rxa5 Rxa5 26. Rxa5 Qb8 27. Qc2
Bf8 28. Qc3 f6 29. Qa3 Rb4 30. Qa2 Qb7 31. d6 Qf7 32. d7 Rb8 33. Qa4 Rd8 34.
Nb6 Kg7 35. Ra8 Be7 36. Nd5 Qf8 37. Ra6 Rb8 38. Re6 Bd8 39. Qa7 Kf7 40. Rxf6+
Bxf6 41. d8=Q+ Kg8 42. Nxf6+ Kh8 43. Qxh7# 1-0

[Event "DEM U14 2004"]
[Site "Willingen GER"]
[Date "2004.05.30"]
[Round "1"]
[White "Wapenhans, Alexander"]
[Black "Grünwald, Eduard"]
[Result "1/2-1/2"]
[Termination "normal"]
[Board "10"]
[WhiteElo "1655"]
[BlackElo "1989"]
[PlyCount "77"]
[WhiteFideId "24622630"]
[BlackFideId "4696280"]
[EventCountry "GER"]
[EventRounds "9"]
[EventType "swiss"]
[EventDate "2004.05.29"]

1. Nf3 d5 2. g3 c5 3. Bg2 Nc6 4. O-O Nf6 5. d3 e6 6. Nbd2 Bd6 7. e4 O-O 8. Re1
Qc7 9. Nf1 h6 10. h4 b6 11. N1h2 Bb7 12. Bh3 dxe4 13. dxe4 Rad8 14. Qe2 Ne5 15.
Nxe5 Bxe5 16. Bg2 Nh7 17. Ng4 Kh8 18. Nxe5 Qxe5 19. c3 Qc7 20. Bf4 e5 21. Be3
Rd7 22. Rad1 Rfd8 23. f3 Nf8 24. Bh3 Rd6 25. Qc2 Ng6 26. Bf1 Ne7 27. Be2 Kg8
28. Rxd6 Rxd6 29. Rd1 Qd8 30. Rxd6 Qxd6 31. Qd3 Nc8 32. Kf2 Kf8 33. f4 Qxd3 34.
Bxd3 Nd6 35. fxe5 Nxe4+ 36. Bxe4 Bxe4 37. b4 cxb4 38. cxb4 Bc6 39. Bd4 1/2-1/2

[Event "DEM U14 2004"]
[Site "Willingen GER"]
[Date "2004.05.30"]
[Round "1"]
[White "Seyb, Alexander"]
[Black "Kalisch, Michael"]
[Result "1-0"]
[Termination "normal"]
[Board "11"]
[WhiteElo "1973"]
[BlackElo "1576"]
[PlyCount "149"]
[WhiteFideId "4699033"]
[EventCountry "GER"]
[EventRounds "9"]
[EventType "swiss"]
[EventDate "2004.05.29"]

1. e4 c6 2. d4 d5 3. e5 Bf5 4. Nf3 e6 5. Be2 c5 6. Be3 Qb6 7. Nc3 a6 8. Na4
Qa5+ 9. c3 c4 10. b4 Qc7 11. O-O Nd7 12. Qd2 Nb6 13. Nxb6 Qxb6 14. Nh4 Ne7 15.
a4 Qc7 16. Qb2 b6 17. Bg5 Bg6 18. g4 Nc8 19. Qd2 Be7 20. Nxg6 hxg6 21. Bf4 Na7
22. Bg3 O-O-O 23. f4 Qd7 24. Qc2 Bh4 25. Kg2 Rh6 26. Rf3 Rdh8 27. h3 Kb8 28.
Raf1 Nc8 29. f5 Bxg3 30. Rxg3 exf5 31. gxf5 g5 32. Bg4 f6 33. Re3 Re8 34. Rfe1
Rhh8 35. Qd1 Re7 36. exf6 Rxe3 37. Rxe3 gxf6 38. Re6 Rf8 39. Qc2 Ka7 40. Qa2
Kb7 41. a5 b5 42. Qe2 Rf7 43. Qf3 Rf8 44. Bh5 Ne7 45. Kf2 Nc6 46. Qe2 Qc7 47.
Kg2 Qf4 48. Be8 Rxe8 49. Rxe8 Qxf5 50. Qf2 Qg6 51. Re6 g4 52. Rxf6 gxh3+ 53.
Kh2 Qd3 54. Rf7+ Ka8 55. Rf8+ Nb8 56. Rf3 Qh7 57. Rxh3 Qc7+ 58. Qg3 Qxg3+ 59.
Kxg3 Nd7 60. Rh6 Kb7 61. Rd6 Kc7 62. Rxd5 Kc6 63. Rh5 Nf8 64. Rh6+ Kb7 65. Kf4
Nd7 66. Ke4 Nb8 67. Kd5 Kc7 68. Rb6 Kc8 69. Rxb8+ Kxb8 70. Kc6 Ka7 71. Kc7 Ka8
72. d5 Ka7 73. d6 Ka8 74. d7 Ka7 75. Kc8 1-0

[Event "DEM U14 2004"]
[Site "Willingen GER"]
[Date "2004.05.30"]
[Round "1"]
[White "Szczap, Arthur"]
[Black "Geske, Julian"]
[Result "1/2-1/2"]
[Termination "normal"]
[Board "12"]
[WhiteElo "1497"]
[BlackElo "1940"]
[PlyCount "108"]
[WhiteFideId "24637394"]
[BlackFideId "24605263"]
[EventCountry "GER"]
[EventRounds "9"]
[EventType "swiss"]
[EventDate "2004.05.29"]

1. e4 e5 2. Nf3 Nc6 3. d4 exd4 4. Nxd4 Qf6 5. Nxc6 Bc5 6. Qf3 Qxf3 7. gxf3 bxc6
8. Be3 Bb6 9. Nc3 d6 10. Rg1 g6 11. Bc4 f5 12. Bb3 Bd7 13. Bg5 h6 14. Be3 Ne7
15. O-O-O O-O-O 16. Bf7 g5 17. Bxb6 axb6 18. Bc4 Rhf8 19. Rd2 Ng6 20. Re1 Ne5
21. Be2 Kb8 22. Bd1 Be8 23. b3 Bg6 24. Rg1 Bh7 25. Rh1 Ng6 26. Ne2 c5 27. Ng3
Ne5 28. h4 Rd7 29. hxg5 hxg5 30. Rh5 f4 31. Nf1 Rg7 32. Nh2 Bg8 33. Ng4 Bf7 34.
Rh6 Ng6 35. Nf6 Kc8 36. Rh7 Rxh7 37. Nxh7 Rh8 38. Nxg5 Bg8 39. e5 Nxe5 40. c4
Rh1 41. Re2 Rh2 42. Bc2 Rh5 43. Nh3 Rh4 44. Ng5 Kd8 45. Re1 Rh2 46. Rf1 c6 47.
Ne4 Kc7 48. Rg1 Be6 49. Rg7+ Kd8 50. Nxd6 Rxf2 51. Be4 Nxf3 52. Bxc6 Nd4 53.
Nb7+ Kc8 54. Nd6+ Kd8 1/2-1/2

[Event "DEM U14 2004"]
[Site "Willingen GER"]
[Date "2004.05.30"]
[Round "1"]
[White "Zehnter, Sebastian"]
[Black "Bastian, Ruben"]
[Result "1-0"]
[Termination "normal"]
[Board "13"]
[WhiteElo "1987"]
[BlackElo "1421"]
[PlyCount "67"]
[WhiteFideId "24608670"]
[EventCountry "GER"]
[EventRounds "9"]
[EventType "swiss"]
[EventDate "2004.05.29"]

1. e4 c5 2. Nf3 Nc6 3. d3 d6 4. g3 Nf6 5. Bg2 g6 6. O-O Bg7 7. Nbd2 O-O 8. Nh4
Bd7 9. f4 Qc7 10. h3 Rac8 11. f5 Ne5 12. Ndf3 Nxf3+ 13. Qxf3 Bc6 14. Qe2 d5 15.
Bf4 Qd7 16. e5 Nh5 17. e6 Nxf4 18. gxf4 Qd6 19. Qg4 Be8 20. Rae1 Bxb2 21. fxg6
fxg6 22. f5 h5 23. Qg5 Bf6 24. Qh6 Bg7 25. Qd2 Qg3 26. Nxg6 Bxg6 27. fxg6 Rxf1+
28. Rxf1 Be5 29. Rf3 Qxg6 30. Kh1 Qxe6 31. Qg5+ Bg7 32. Rg3 Qf6 33. Bxd5+ Kf8
34. Rf3 1-0

[Event "DEM U14 2004"]
[Site "Willingen GER"]
[Date "2004.05.30"]
[Round "1"]
[White "Laqua, Stefan"]
[Black "Rudolf, Sebastian"]
[Result "0-1"]
[Termination "normal"]
[Board "14"]
[WhiteElo "1241"]
[BlackElo "1926"]
[PlyCount "50"]
[WhiteFideId "4674634"]
[BlackFideId "24609390"]
[EventCountry "GER"]
[EventRounds "9"]
[EventType "swiss"]
[EventDate "2004.05.29"]

1. e4 c5 2. Nf3 Nc6 3. d4 cxd4 4. Nxd4 e6 5. Bd3 Nxd4 6. O-O Nc6 7. Nc3 Qc7 8.
Be3 a6 9. Qd2 b5 10. Rfd1 Nf6 11. h3 Bb7 12. f4 Na5 13. e5 Nd5 14. Nxd5 Bxd5
15. b3 Bc5 16. b4 Bxe3+ 17. Qxe3 Nc4 18. Bxc4 Qxc4 19. c3 O-O 20. Rd4 Qc6 21.
Qd2 Rfc8 22. Rc1 a5 23. a3 axb4 24. axb4 Ra2 25. Rxd5 Qxd5 0-1

[Event "DEM U14 2004"]
[Site "Willingen GER"]
[Date "2004.05.30"]
[Round "2"]
[White "Seyb, Alexander"]
[Black "Beck, Frederik"]
[Result "1-0"]
[Termination "normal"]
[Board "1"]
[WhiteElo "1973"]
[BlackElo "2095"]
[PlyCount "55"]
[WhiteFideId "4699033"]
[BlackFideId "4687388"]
[EventCountry "GER"]
[EventRounds "9"]
[EventType "swiss"]
[EventDate "2004.05.29"]

1. e4 c5 2. Nf3 e6 3. d4 cxd4 4. Nxd4 Nc6 5. Nc3 Qc7 6. Be3 a6 7. Qd2 Nf6 8.
O-O-O Bb4 9. Nxc6 Qxc6 10. Bd3 Ng4 11. Bf4 f6 12. f3 Bxc3 13. bxc3 Ne5 14. Bxe5
fxe5 15. Qg5 O-O 16. Qxe5 b5 17. Be2 Bb7 18. Rd6 Qc8 19. Qd4 Bc6 20. h4 a5 21.
h5 Rf7 22. h6 g6 23. f4 Qb7 24. f5 Bxe4 25. fxg6 Bxg6 26. Bf3 Qa7 27. Bxa8 Qxa8
28. Rxd7 1-0

[Event "DEM U14 2004"]
[Site "Willingen GER"]
[Date "2004.05.30"]
[Round "2"]
[White "Zehnter, Sebastian"]
[Black "Tereick, Benjamin"]
[Result "1-0"]
[Termination "normal"]
[Board "2"]
[WhiteElo "1987"]
[BlackElo "2090"]
[PlyCount "69"]
[WhiteFideId "24608670"]
[BlackFideId "24607541"]
[EventCountry "GER"]
[EventRounds "9"]
[EventType "swiss"]
[EventDate "2004.05.29"]

1. e4 e6 2. d3 c5 3. g3 Nc6 4. Bg2 g6 5. f4 Bg7 6. Nf3 Nge7 7. O-O O-O 8. c3 d5
9. Qe2 b6 10. e5 Ba6 11. Rd1 Qc7 12. a3 c4 13. d4 Qb7 14. Be3 Na5 15. Nbd2 Nec6
16. Rf1 Nb3 17. Rae1 Rfe8 18. g4 Rac8 19. Bf2 Nxd2 20. Qxd2 Bb5 21. Bh4 Ne7 22.
Bf6 a5 23. Bxg7 Kxg7 24. Qf2 Ba4 25. Re2 Rc7 26. Qh4 Ng8 27. f5 h6 28. f6+ Kf8
29. Ng5 Rec8 30. Nh7+ Ke8 31. g5 h5 32. Bf3 Rd8 33. Bxh5 Ra8 34. Bg4 Bb5 35.
Nf8 1-0

[Event "DEM U14 2004"]
[Site "Willingen GER"]
[Date "2004.05.30"]
[Round "2"]
[White "Rudolf, Sebastian"]
[Black "Dinger, Florian"]
[Result "0-1"]
[Termination "normal"]
[Board "3"]
[WhiteElo "1926"]
[BlackElo "2070"]
[PlyCount "90"]
[WhiteFideId "24609390"]
[BlackFideId "24605573"]
[EventCountry "GER"]
[EventRounds "9"]
[EventType "swiss"]
[EventDate "2004.05.29"]

1. e4 c5 2. Nf3 Nc6 3. d4 cxd4 4. Nxd4 g6 5. Nc3 Bg7 6. Be3 Nf6 7. Bc4 O-O 8.
Bb3 a5 9. O-O d6 10. f3 Bd7 11. Ndb5 Nb4 12. Qe2 Bc6 13. Rfd1 Nd7 14. Na4 Na6
15. c4 b6 16. Nac3 Ndc5 17. Bc2 Nc7 18. Bd4 Bxb5 19. Nxb5 Nxb5 20. Bxg7 Kxg7
21. cxb5 Qc7 22. Rac1 Rac8 23. Bb3 e6 24. f4 Qe7 25. Bc2 Rfe8 26. Qf3 d5 27. e5
Rc7 28. Qe3 Rec8 29. g4 Nd7 30. Bd3 Rxc1 31. Rxc1 Rxc1+ 32. Qxc1 Qb4 33. Kg2
Nc5 34. Be2 Qd4 35. b3 Ne4 36. Qg1 Qb2 37. Kf1 Qb1+ 38. Kg2 Qxa2 39. Qe1 Qxb3
40. Bf3 Qb2+ 41. Kg1 Qd4+ 42. Kg2 Qd2+ 43. Qxd2 Nxd2 44. Bd1 Ne4 45. Kf3 Nc3
0-1

[Event "DEM U14 2004"]
[Site "Willingen GER"]
[Date "2004.05.30"]
[Round "2"]
[White "Alsheimer, Christoph"]
[Black "Müller, Jan-Hendrik"]
[Result "1-0"]
[Termination "normal"]
[Board "4"]
[WhiteElo "2057"]
[BlackElo "1831"]
[PlyCount "57"]
[WhiteFideId "24605433"]
[BlackFideId "24615048"]
[EventCountry "GER"]
[EventRounds "9"]
[EventType "swiss"]
[EventDate "2004.05.29"]

1. d4 c5 2. e3 cxd4 3. exd4 d5 4. f4 Nf6 5. Nf3 Nc6 6. c3 Bf5 7. Be2 e6 8. O-O
Bd6 9. Ne5 Bxb1 10. Rxb1 Qc7 11. Bd3 O-O 12. Qf3 Bxe5 13. fxe5 Ne8 14. Qh3 g6
15. Bh6 Ng7 16. Kh1 Ne7 17. g4 Kh8 18. Rf3 Ng8 19. Qh4 f5 20. exf6 Nxh6 21.
Qxh6 Nf5 22. gxf5 exf5 23. Re1 Rxf6 24. Rfe3 Qg7 25. Re8+ Rf8 26. Qxg7+ Kxg7
27. R1e7+ Kf6 28. Rxf8+ Rxf8 29. Rxb7 1-0

[Event "DEM U14 2004"]
[Site "Willingen GER"]
[Date "2004.05.30"]
[Round "2"]
[White "Kölsch, Maximilian"]
[Black "Müller, Reinhold"]
[Result "0-1"]
[Termination "normal"]
[Board "5"]
[WhiteElo "1867"]
[BlackElo "2035"]
[PlyCount "70"]
[WhiteFideId "24618462"]
[BlackFideId "24605875"]
[EventCountry "GER"]
[EventRounds "9"]
[EventType "swiss"]
[EventDate "2004.05.29"]

1. d4 Nf6 2. c4 c5 3. d5 d6 4. Nc3 g6 5. Nf3 Bg7 6. g3 O-O 7. Bg2 Na6 8. O-O
Rb8 9. Nd2 Nc7 10. a4 b6 11. e4 e6 12. Re1 exd5 13. cxd5 Re8 14. Nc4 Ba6 15.
Na3 b5 16. axb5 Nxb5 17. Naxb5 Bxb5 18. Rxa7 Qb6 19. Nxb5 Qxb5 20. Qc2 Qb6 21.
Qa4 Nxd5 22. Qd7 Re7 23. exd5 Rxd7 24. Rxd7 Bf8 25. Bf3 Ra8 26. Bg5 Qb5 27. Rd8
Rxd8 28. Bxd8 Qxb2 29. Re2 Qb8 30. Bg5 c4 31. Kg2 c3 32. Bf6 Bg7 33. Bxg7 Kxg7
34. g4 Qc8 35. Rc2 Qc4 0-1

[Event "DEM U14 2004"]
[Site "Willingen GER"]
[Date "2004.05.30"]
[Round "2"]
[White "Lubbe, Nikolas"]
[Black "Lange, Jan-David"]
[Result "1-0"]
[Termination "normal"]
[Board "6"]
[WhiteElo "2109"]
[BlackElo "1794"]
[PlyCount "65"]
[WhiteFideId "4694031"]
[BlackFideId "24614963"]
[EventCountry "GER"]
[EventRounds "9"]
[EventType "swiss"]
[EventDate "2004.05.29"]

1. e4 e6 2. d4 d5 3. Nd2 Nf6 4. e5 Nfd7 5. f4 c5 6. c3 Nc6 7. Ndf3 Qb6 8. Ne2
Be7 9. g3 f6 10. Bh3 f5 11. O-O O-O 12. Kh1 Qc7 13. g4 Nb6 14. gxf5 exf5 15.
Bg2 Be6 16. dxc5 Bxc5 17. b4 Be7 18. Be3 Nc4 19. Bg1 Kh8 20. Nfd4 Bg8 21. Qd3
g6 22. a4 Rad8 23. Nb5 Qb8 24. a5 a6 25. Nbd4 Qc8 26. Rfe1 Rfe8 27. Bf2 Bf7 28.
Ng1 Bf8 29. Ngf3 Bh6 30. Bh4 Ne7 31. Bf6+ Bg7 32. Ng5 Kg8 33. e6 1-0

[Event "DEM U14 2004"]
[Site "Willingen GER"]
[Date "2004.05.30"]
[Round "2"]
[White "Schneider, David"]
[Black "Völbel, Patrick"]
[Result "1/2-1/2"]
[Termination "normal"]
[Board "7"]
[WhiteElo "2080"]
[BlackElo "1867"]
[PlyCount "100"]
[WhiteFideId "4697111"]
[BlackFideId "24622583"]
[EventCountry "GER"]
[EventRounds "9"]
[EventType "swiss"]
[EventDate "2004.05.29"]

1. e4 c5 2. Nf3 e6 3. b3 d6 4. Bb5+ Bd7 5. Bxd7+ Nxd7 6. Bb2 Ngf6 7. Nc3 Be7 8.
O-O O-O 9. d4 cxd4 10. Nxd4 a6 11. Qe2 Qc7 12. a4 Rfe8 13. Rae1 Qb6 14. Qd2
Rac8 15. Kh1 Bf8 16. f4 Qc5 17. Re2 b6 18. Rfe1 e5 19. Nf5 g6 20. fxe5 Nxe5 21.
Nh6+ Bxh6 22. Qxh6 Re6 23. Qf4 Rce8 24. h3 b5 25. axb5 axb5 26. Rd1 Qb4 27. Na2
Qa5 28. Bc3 Qc7 29. Bd4 Nh5 30. Qh4 Nc6 31. Bb2 Rxe4 32. Rxe4 Rxe4 33. Qg5 Ne5
34. Nc3 Rf4 35. Re1 f6 36. Qh6 Qd8 37. Nd5 Rf2 38. Qc1 Ng3+ 39. Kh2 Nf5 40. Kg1
Qa8 41. Kxf2 Qxd5 42. Kg1 Qc5+ 43. Kh1 Qf2 44. Bxe5 fxe5 45. Qd1 Kg7 46. Kh2
Ng3 47. Qxd6 Qxe1 48. Qe7+ Kg8 49. Qe8+ Kg7 50. Qe7+ Kg8 1/2-1/2

[Event "DEM U14 2004"]
[Site "Willingen GER"]
[Date "2004.05.30"]
[Round "2"]
[White "Grünwald, Eduard"]
[Black "Szczap, Arthur"]
[Result "1-0"]
[Termination "normal"]
[Board "8"]
[WhiteElo "1989"]
[BlackElo "1497"]
[PlyCount "59"]
[WhiteFideId "4696280"]
[BlackFideId "24637394"]
[EventCountry "GER"]
[EventRounds "9"]
[EventType "swiss"]
[EventDate "2004.05.29"]

1. e4 c5 2. Nf3 Nc6 3. d4 cxd4 4. Nxd4 Nf6 5. Nc3 d6 6. Bc4 Bd7 7. Bb3 Rc8 8.
O-O a6 9. Be3 e6 10. f4 Be7 11. Qf3 b5 12. a3 O-O 13. Qg3 Nxd4 14. Bxd4 Qc7 15.
e5 dxe5 16. fxe5 Bc5 17. Bxc5 Qxc5+ 18. Kh1 Nh5 19. Qg5 g6 20. Ne4 Qd4 21. Nf6+
Nxf6 22. exf6 Kh8 23. Qh6 Rg8 24. Rf4 Qd2 25. Raf1 Bc6 26. Qh3 Qe2 27. c3 Qh5
28. Rh4 Rcd8 29. Rxh5 gxh5 30. Rf2 1-0

[Event "DEM U14 2004"]
[Site "Willingen GER"]
[Date "2004.05.30"]
[Round "2"]
[White "Geske, Julian"]
[Black "Wapenhans, Alexander"]
[Result "1-0"]
[Termination "normal"]
[Board "9"]
[WhiteElo "1940"]
[BlackElo "1655"]
[PlyCount "43"]
[WhiteFideId "24605263"]
[BlackFideId "24622630"]
[EventCountry "GER"]
[EventRounds "9"]
[EventType "swiss"]
[EventDate "2004.05.29"]

1. e4 d5 2. exd5 Qxd5 3. Nc3 Qa5 4. d4 c6 5. Bc4 Nf6 6. Bd2 Bf5 7. Qe2 e6 8. d5
cxd5 9. Nxd5 Qd8 10. Nxf6+ gxf6 11. O-O-O Qc7 12. g4 Bg6 13. f4 f5 14. Bc3
Qxf4+ 15. Kb1 Rg8 16. Bxe6 Qe4 17. Qb5+ Qc6 18. Qd3 Be7 19. Bd5 Qd7 20. gxf5
Bxf5 21. Qf3 Nc6 22. Bxf7+ 1-0

[Event "DEM U14 2004"]
[Site "Willingen GER"]
[Date "2004.05.30"]
[Round "2"]
[White "Wall, Henrik"]
[Black "Baldauf, Marco"]
[Result "0-1"]
[Termination "normal"]
[Board "10"]
[WhiteElo "1712"]
[BlackElo "2185"]
[PlyCount "94"]
[WhiteFideId "24614033"]
[BlackFideId "4688210"]
[EventCountry "GER"]
[EventRounds "9"]
[EventType "swiss"]
[EventDate "2004.05.29"]

1. e4 c5 2. Nf3 e6 3. b3 b6 4. Bb2 Bb7 5. Nc3 d6 6. Bb5+ Nd7 7. O-O a6 8. Bxd7+
Qxd7 9. Re1 Nf6 10. Qe2 Qc7 11. a4 Be7 12. Rad1 O-O 13. d4 cxd4 14. Nxd4 Rfe8
15. f4 Rac8 16. f5 e5 17. Nf3 Qb8 18. Nd2 Bf8 19. Nc4 b5 20. axb5 axb5 21. Nxb5
Nxe4 22. Ba3 d5 23. Bxf8 Rxf8 24. Nb6 Rcd8 25. c4 d4 26. Na4 Rfe8 27. Rd3 Qc8
28. Rf1 Nf6 29. Nb6 Qc6 30. Na4 Ba6 31. Na3 e4 32. Rdd1 Qc7 33. h3 Qg3 34. Rfe1
Qxb3 35. Ra1 Qxa4 36. Nb5 Bxb5 37. Rxa4 Bxa4 38. g4 d3 39. Qd2 e3 40. Rxe3 Rxe3
41. Qxe3 d2 42. g5 d1=Q+ 43. Kf2 Rd2+ 44. Kg3 Nh5+ 45. Kh4 Rd4+ 46. Qxd4 Qxd4+
47. Kxh5 Bd1# 0-1

[Event "DEM U14 2004"]
[Site "Willingen GER"]
[Date "2004.05.30"]
[Round "2"]
[White "Bogner, Sebastian"]
[Black "Paul, Johannes"]
[Result "0-1"]
[Termination "normal"]
[Board "11"]
[WhiteElo "2093"]
[BlackElo "1713"]
[PlyCount "114"]
[WhiteFideId "4692055"]
[BlackFideId "24622087"]
[EventCountry "GER"]
[EventRounds "9"]
[EventType "swiss"]
[EventDate "2004.05.29"]

1. e4 c5 2. Nf3 Nc6 3. Bb5 g6 4. Bxc6 dxc6 5. h3 Bg7 6. d3 e5 7. Be3 b6 8. c3
Ba6 9. d4 exd4 10. cxd4 Ne7 11. Nc3 cxd4 12. Bxd4 O-O 13. Qa4 Bxd4 14. Nxd4 Bb7
15. Rd1 Qc7 16. O-O b5 17. Qc2 a6 18. Nd5 Nxd5 19. exd5 c5 20. Nc6 c4 21. Nd4
Rad8 22. Ne2 Bxd5 23. Nc3 Bb7 24. Ne4 Bxe4 25. Qxe4 Rfe8 26. Qf3 Qe5 27. Qa3
Qe2 28. Rde1 Qxe1 29. Rxe1 Rxe1+ 30. Kh2 Re2 31. Qxa6 Rxb2 32. Qf6 Rbd2 33. h4
h5 34. g4 R8d6 35. Qe5 R2d5 36. Qe8+ Kg7 37. Qc8 hxg4 38. a4 bxa4 39. Qxc4 Rd4
40. Qc3 Kh7 41. h5 gxh5 42. Qc2+ Kg7 43. Qf5 R6d5 44. Qc2 f6 45. Qc7+ Rd7 46.
Qc5 Rd3 47. Kg2 a3 48. Qxh5 R3d5 49. Qe8 Ra7 50. Qe3 Rda5 51. Qc3 a2 52. Qa1
Ra4 53. Kg3 Rb7 54. Qh1 Rb1 55. Qc6 Ra7 56. Qe4 Rg1+ 57. Kh2 a1=Q 0-1

[Event "DEM U14 2004"]
[Site "Willingen GER"]
[Date "2004.05.30"]
[Round "2"]
[White "Trapp, Maximilian"]
[Black "Bastian, Ruben"]
[Result "1-0"]
[Termination "normal"]
[Board "13"]
[WhiteElo "1820"]
[BlackElo "1421"]
[PlyCount "163"]
[EventCountry "GER"]
[EventRounds "9"]
[EventType "swiss"]
[EventDate "2004.05.29"]

1. f4 c5 2. Nf3 Nf6 3. e3 b6 4. b3 Bb7 5. Bb2 e6 6. Be2 Be7 7. O-O Nc6 8. Qe1
O-O 9. Ne5 d5 10. d3 Nb4 11. Qd1 Nd7 12. a3 Nxe5 13. fxe5 Nc6 14. d4 Qc7 15.
Bd3 h6 16. c3 Na5 17. Bc2 c4 18. b4 Nc6 19. Qg4 Bc8 20. e4 f6 21. exf6 Rxf6 22.
Rxf6 Bxf6 23. e5 Bg5 24. a4 Qf7 25. Na3 Bd7 26. h4 Be3+ 27. Kh2 Rf8 28. Qe2 Bf2
29. g3 Ne7 30. Kg2 Nf5 31. Bxf5 Bxg3 32. Kxg3 Qxf5 33. Rg1 Qf4+ 34. Kh3 Qf5+
35. Qg4 Qd3+ 36. Kh2 Rf2+ 37. Kh1 Rf7 38. Qg3 Qe4+ 39. Kh2 Bxa4 40. Bc1 Qe2+
41. Rg2 Qh5 42. Nb1 a5 43. bxa5 bxa5 44. Qg4 Qxg4 45. Rxg4 Rf1 46. Rg1 Rxg1 47.
Kxg1 Kf7 48. Kf2 Kg6 49. Kg3 Kf5 50. Nd2 g5 51. hxg5 hxg5 52. Nf3 Ke4 53. Ne1
Kf5 54. Ba3 Bd1 55. Be7 a4 56. Kf2 Ke4 57. Bxg5 a3 58. Bc1 a2 59. Bb2 Kf4 60.
Ng2+ Ke4 61. Ne3 Bh5 62. Nc2 Bd1 63. Nb4 Bb3 64. Kg3 Kf5 65. Kh4 Kg6 66. Kg4
Kh6 67. Kf4 Kg6 68. Ke3 Kf5 69. Kd2 Ke4 70. Kc1 Ke3 71. Ba1 Kf4 72. Kb2 Kf5 73.
Nxa2 Bxa2 74. Kxa2 Kg6 75. Ka3 Kf7 76. Kb4 Ke7 77. Kc5 Kd7 78. Kb6 Kd8 79. Kc6
Ke7 80. Bb2 Ke8 81. Ba3 Kf7 82. Kd7 1-0

[Event "DEM U14 2004"]
[Site "Willingen GER"]
[Date "2004.05.30"]
[Round "2"]
[White "Poetsch, Hagen"]
[Black "Laqua, Stefan"]
[Result "1/2-1/2"]
[Termination "normal"]
[Board "14"]
[WhiteElo "1783"]
[BlackElo "1241"]
[PlyCount "120"]
[WhiteFideId "24615137"]
[BlackFideId "4674634"]
[EventCountry "GER"]
[EventRounds "9"]
[EventType "swiss"]
[EventDate "2004.05.29"]

1. e4 e6 2. d4 d5 3. e5 c5 4. c3 Nc6 5. Nf3 Qb6 6. Bd3 Nh6 7. O-O Nf5 8. dxc5
Bxc5 9. b4 Be7 10. Bxf5 exf5 11. Qxd5 Be6 12. Qd3 Rd8 13. Qe3 Qxe3 14. Bxe3 Rd5
15. Nbd2 b6 16. Rfd1 Nxe5 17. Nxe5 Rxe5 18. Bd4 Rd5 19. Bxg7 Rg8 20. Bh6 Rd3
21. Rac1 Bxa2 22. Ra1 Bd5 23. g3 Rg6 24. Bf4 Rc6 25. Rxa7 Rcxc3 26. Re1 Be6 27.
Ra8+ Rd8 28. Rxd8+ Kxd8 29. Be3 b5 30. Rb1 Bc4 31. Nf3 Rb3 32. Rxb3 Bxb3 33.
Nd4 Be6 34. Bd2 Bd7 35. Kf1 Kc7 36. Ke2 Kd6 37. Kd3 Kd5 38. Ne2 Bf6 39. Nf4+
Kd6 40. Be3 Be5 41. Bc5+ Kc6 42. Nh3 Bf6 43. Nf4 Be5 44. Nh5 Kd5 45. Be3 Be6
46. Bg5 Kc6 47. Bf6 Bd6 48. Bc3 Be7 49. Kd4 Kd6 50. Bd2 Bd7 51. h4 Ke6 52. Nf4+
Kd6 53. Nd5 Bc6 54. Bf4+ Ke6 55. Nxe7 Kxe7 56. Ke5 Bd7 57. Bg5+ Kf8 58. Kd6 Be6
59. f3 h5 60. Ke5 Kg7 1/2-1/2

[Event "DEM U14 2004"]
[Site "Willingen GER"]
[Date "2004.05.31"]
[Round "3"]
[White "Dinger, Florian"]
[Black "Seyb, Alexander"]
[Result "0-1"]
[Termination "normal"]
[Board "1"]
[WhiteElo "2070"]
[BlackElo "1973"]
[PlyCount "64"]
[WhiteFideId "24605573"]
[BlackFideId "4699033"]
[EventCountry "GER"]
[EventRounds "9"]
[EventType "swiss"]
[EventDate "2004.05.29"]

1. e4 c5 2. Nf3 e6 3. d4 cxd4 4. Nxd4 a6 5. Bd3 Qb6 6. Nb3 Qc7 7. c4 Nf6 8. Nc3
Be7 9. O-O O-O 10. f4 d6 11. Be3 b6 12. g4 Nc6 13. g5 Ne8 14. Rf3 f6 15. h4 Nb4
16. Be2 f5 17. a3 fxe4 18. Nxe4 Bb7 19. Nbd2 d5 20. cxd5 Nxd5 21. Rc1 Qd8 22.
Qb3 Nd6 23. Nxd6 Bxd6 24. Nc4 Bxf4 25. Rd1 Qc7 26. Bxf4 Nxf4 27. Rf2 Nxe2+ 28.
Rxe2 Rf3 29. Qxb6 Rg3+ 30. Kf1 Rf8+ 31. Ke1 Qxb6 32. Nxb6 Rg1+ 0-1